Naléhavé stavy z pohledu internisty praktické postupy
| Main Authors: | , , |
|---|---|
| Format: | Book |
| Language: | Czech |
| PhysicalDescription: | 239 strán schémy 19 cm |
| Published: |
Praha
Grada Publishing
2022
|
| ISBN: | 9788027133369 9788027149339 9788027149322 |
| Edition: | 1. vydání |
| Subjects: |
MARC
| LEADER | 00000cam a2200000 4500 | ||
|---|---|---|---|
| 001 | vtls012151646 | ||
| 003 | SK-MaSNL | ||
| 005 | 20260418075131.0 | ||
| 008 | 221012s2022 xr l f 001 0 cze | ||
| 020 | |a 9788027133369 |q (brožované) | ||
| 020 | |a 9788027149339 |q (ePub) | ||
| 020 | |a 9788027149322 |q (pdf) | ||
| 040 | |a SNK |b slo |c SNK |e rda | ||
| 041 | 0 | |a cze |b cze |b eng | |
| 044 | |a xr |c CZ | ||
| 072 | 7 | |a 616 |x Patológia. Klinická medicína |2 konspekt | |
| 080 | |a 616-036.1 |2 2011 | ||
| 080 | |a 616.1/.6 |2 2011 | ||
| 080 | |a (048.8:082) |2 2011 | ||
| 100 | 1 | |a Souček, Martin |4 aut |9 370601 | |
| 245 | 1 | 0 | |a Naléhavé stavy z pohledu internisty |b praktické postupy |c Martin Souček, Jan Masopust, Dana Mokrá a kolektiv |
| 250 | |a 1. vydání | ||
| 264 | 1 | |a Praha |b Grada Publishing |c 2022 | |
| 300 | |a 239 strán |b schémy |c 19 cm | ||
| 336 | |a text |b txt |2 rdacontent | ||
| 337 | |a bez média |b n |2 rdamedia | ||
| 338 | |a zväzok |b nc |2 rdacarrier | ||
| 500 | |a Obsahuje zoznam skratiek | ||
| 504 | |a Obsahuje register | ||
| 546 | |a Anglické a české resumé | ||
| 650 | 0 | 7 | |a akútne stavy |2 SNKPH |9 88338 |
| 650 | 0 | 7 | |a interná medicína |2 SNKPH |9 905 |
| 650 | 0 | 7 | |a Acute states |2 SNKPHeng |9 360805 |
| 650 | 0 | 7 | |a Internal medicine |2 SNKPHeng |9 267482 |
| 655 | 7 | |a kolektívne monografie |2 SNKPH |9 249850 | |
| 655 | 7 | |a Collective monographs |2 SNKPHeng |9 125747 | |
| 700 | 1 | |a Masopust, Jan |4 aut |9 1637248 | |
| 700 | 1 | |a Mokrá, Dana |4 aut |9 370603 | |
| 852 | |a Slovenská národná knižnica | ||
| 919 | |a 978-80-271-3336-9 | ||
| 919 | |a 978-80-271-4933-9 | ||
| 919 | |a 978-80-271-4932-2 | ||
| 954 | |a odborná, vedecká literatúra cudzojazyčná (svetová) |2 lita | ||
| 958 | |a MI | ||
| 999 | |c 614751 |d 616681 | ||
| 952 | |t snkSOU 616.1/.6 |a SNKUST |b SNKUST |y PREZ |7 0 |p 17A1551177 |o snkID 102532 |i snk2024/10816 |8 4 |g 17.37 |0 0 |1 0 |4 0 |d 2022-10-12 |l 0 |r 2025-05-29 00:00:00 |w 2026-02-23 | ||


